1456 1941 1490 1348 1107 1510 1175 1105 1692 1334 1990 1518 1158 1884 1519 1581 1731 1797 1433 1927 1494 1833 1132 1366 1637 1922 1914 1150 1363 1469 1574 1857 1572 1526 1799 1547 1889 1962 1317 1846 1028 1581 1206 1014 1765 1451 1534 1644 1963 1112 1621 1054 1037 1531 1344 1309 1144 1315 1621 1921 1815 1723 1681 1455 1536 1404 1225 1667 1475 1618 1575 1192 1817 1070 1838 1822 1364 1000 1912 1687 1022 1605 1550 1511 1469 1844 1056 1764 1543 1310 1826 1032 1677 1234 1488 1035 1012 1759 1912 BCNSPRNW ULIB Ver.6.0+V

เปลี่ยนเป็นภาษาไทย

Change to English
 แสดงรายละเอียดบรรณานุกรม
  กลับหน้าหลัก

Brief Record : Get Marc (ISO 2709) : E-mail record : QR code < ปิดหน้าต่าง
LEADER : 00000nam 2200000uu 4500
001    13399127733
003     ULIB
008    210513s2556||||th 000 0 tha d
020    ู^a9786162990168
050    ^aนว^bช799จ^cล.3
100    ^aโชอู
245    ^aจอมกระบี่เทพสังหาร เล่ม 3
250    ^aพิมพ์ครั้งที่ 1
260    ^aกรุงเทพฯ :^bสยามอินเตอร์บุ๊คส์,^c2556
300    ^a216 หน้า;^b21 ซม.
650    ^aนวนิยาย
945    ^p220^l0^i008044
999    ^aประนอม เกษจรัล
รายการนี้ยังไม่มีแท็ก
คุณยังไม่ได้ล็อกอิน คุณสามารถมีกิจกรรมร่วมกับเว็บไซต์ได้ แต่ต้องล็อกอินก่อน ::
  ล็อกอิน

รายการสื่อสารสนเทศ

ลำดับที่ ประเภท เลขเรียก/บาร์โค้ด สถานที่ สถานะ
1. นวนิยาย
นวนิยาย
นว ช799จ ล.3 ฉ.1 
  Barcode: 008044
ห้องสมุดวิทยาเขตสวรรค์ประชารักษ์
►หนังสือทั่วไป
บนชั้น

รายการใกล้เคียง
    ผู้แต่ง [โชอู]

    หัวเรื่อง [นวนิยาย]

BibComment


ยังไม่เคยถูกคอมเมนท์

คอมเมนท์ทรัพยากรรายการนี้
  คอมเมนท์: จอมกระบี่เทพสังห..


 Copyright 2026. Bcnsprnw @Library